Agricultural statistics (Record no. 83852)

MARC details
000 -LEADER
fixed length control field 00656nam a2200145 a 4500
008 - FIXED-LENGTH DATA ELEMENTS--GENERAL INFORMATION
fixed length control field 120416s1999 ||||||||||||||||| || u
050 ## - LIBRARY OF CONGRESS CALL NUMBER
Classification number S 600.43.S83 Man
100 ## - MAIN ENTRY--PERSONAL NAME
Personal name Mandal, R. C
245 10 - TITLE STATEMENT
Title Agricultural statistics
246 ## -
-- techniques qnd procedures
260 ## - PUBLICATION, DISTRIBUTION, ETC.
Place of publication, distribution, etc. New Delhi
Name of publisher, distributor, etc. Agro-botanical
Date of publication, distribution, etc. 1999
350 ## -
-- 0.00
995 ## -
-- MAIN LIBRARY OPEN ACCESS
-- 0.00
-- 732339
-- CBU-MAIN LIBRARY (Kitwe)
-- 1
-- 30.00
-- S 600.43.S83 Man
-- 1
-- AVAILABLE
-- 029598
-- Main Library Open Access Collection
995 ## -
-- ANNEX COLLECTION (Main Library)
-- 0.00
-- 732340
-- CBU-MAIN LIBRARY (Kitwe)
-- 2
-- 30.00
-- S 600.43.S83 Man
-- 2
-- AVAILABLE
-- 029596
-- Annex Low-Usage Collection
999 ## -
-- 83852
-- 83852
Holdings
Withdrawn status Lost status Source of classification or shelving scheme Damaged status Not for loan Permanent Location Current Location Shelving location Date acquired Total Checkouts Full call number Barcode Date last seen Copy number Price effective from Koha item type
          CBU-MAIN LIBRARY, KITWE. CBU-MAIN LIBRARY, KITWE.   01/08/2024   S 600.43.S83 Man 029598 01/08/2024 1 01/08/2024 MONOGRAPH
          CBU-MAIN LIBRARY, KITWE. CBU-MAIN LIBRARY, KITWE.   01/08/2024   S 600.43.S83 Man 029596 01/08/2024 2 01/08/2024 MONOGRAPH